MARC details
| 000 -LEADER |
| campo de control de longitud fija |
02178nam a2200385 i 4500 |
| 001 - NÚMERO DE CONTROL |
| campo de control |
196222 |
| 003 - IDENTIFICADOR DE NÚMERO DE CONTROL |
| campo de control |
ES-MaACL |
| 005 - FECHA Y HORA DE LA ÚLTIMA TRANSACCIÓN |
| campo de control |
20250824052019.0 |
| 008 - DATOS DE LONGITUD FIJA--INFORMACIÓN GENERAL |
| campo de control de longitud fija |
240818s2021 sp | |||| 000 d spa |
| 015 ## - NÚMERO DE BIBLIOGRAFÍA NACIONAL |
| Número de bibliografía nacional |
MON21 |
| 017 ## - NÚMERO DE COPYRIGHT O DE DEPÓSITO LEGAL |
| Número de copyright o de depósito legal |
M 5294-2021 |
| Agencia que asigna |
Oficina Depósito Legal Madrid |
| 020 ## - NÚMERO INTERNACIONAL ESTÁNDAR DEL LIBRO |
| Número Internacional Estándar del Libro |
9788412301656 |
| 035 ## - NÚMERO DE CONTROL DEL SISTEMA |
| Número de control de sistema |
(SpMaBN)a7094642 |
| 035 ## - NÚMERO DE CONTROL DEL SISTEMA |
| Número de control de sistema |
991042169779708606 |
| 040 ## - FUENTE DE CATALOGACIÓN |
| Centro catalogador/agencia de origen |
SpMaBN |
| Lengua de catalogación |
spa |
| Centro/agencia transcriptor |
SpMaBN |
| Normas de descripción |
rda |
| 080 ## - NÚMERO DE LA CLASIFICACIÓN DECIMAL UNIVERSAL |
| Número de la Clasificación Decimal Universal |
821.134.2-2"19" |
| 100 1# - ENTRADA PRINCIPAL--NOMBRE DE PERSONA |
| Nombre de persona |
Lucía Megías, José Manuel, |
| Fechas asociadas al nombre |
1967- |
| Término indicativo de función/relación |
Autor |
| 9 (RLIN) |
240291 |
| 245 10 - MENCIÓN DEL TÍTULO |
| Título |
Soy Catalina de Salazar, mujer de Miguel de Cervantes / |
| Mención de responsabilidad, etc. |
José Manuel Lucía Mecías. |
| 264 #1 - PRODUCCIÓN, PUBLICACIÓN, DISTRIBUCIÓN, FABRICACIÓN Y COPYRIGHT |
| Producción, publicación, distribución, fabricación y copyright |
Barcelona : |
| Nombre del de productor, editor, distribuidor, fabricante |
Ediciones Huso, y Cumbres, |
| Fecha de producción, publicación, distribución, fabricación o copyright |
[2021]. |
| 264 #4 - PRODUCCIÓN, PUBLICACIÓN, DISTRIBUCIÓN, FABRICACIÓN Y COPYRIGHT |
| Fecha de producción, publicación, distribución, fabricación o copyright |
©2021 |
| 300 ## - DESCRIPCIÓN FÍSICA |
| Extensión |
64 páginas : |
| Dimensiones |
16 cm. |
| 336 ## - TIPO DE CONTENIDO |
| Término de tipo de contenido |
Texto |
| Fuente |
rdacontent |
| 337 ## - TIPO DE MEDIO |
| Nombre/término del tipo de medio |
sin mediación |
| Fuente |
rdamedia |
| 338 ## - TIPO DE SOPORTE |
| Nombre/término del tipo de soporte |
volumen |
| Fuente |
rdacarrier |
| 490 1# - MENCIÓN DE SERIE |
| Mención de serie |
Palabras hilanderas ; |
| Designación de volumen o secuencia |
[5] |
| 520 ## - RESUMEN, ETC. |
| Sumario, etc. |
¿Y si Catalina de Salazar contara su vida con independencia, si nos dijera qué significó el encuentro con Miguel de Cervantes, el tiempo cómplice que compartieron, sus ausencias biográficas, sus éxitos literarios? ¿Y si además de ser la mujer de Cervantes se nos presentara «en primera persona», independiente, con sus dudas y con su universo personal? ¿Y si nos acercáramos a ella desde su propia luz y no desde la sombra? ¿Y si sus palabras estuvieran en documentos históricos y literarios? ¿Y si los espacios, las ciudades, las casas habitadas por Catalina de Salazar tuvieran palabras que eran suyas? El teatro convoca la memoria y la hace presencia, por eso este libro ha nacido como un monólogo teatral. |
| 655 #0 - TERMINO DE INDIZACIÓN--GENERO/FORMA |
| Datos o término principal de género/forma |
Monólogos (Teatro) |
| 9 (RLIN) |
238524 |
| 830 ## - PUNTO DE ACCESO ADICIONAL DE SERIE-TÍTULO UNIFORME |
| 9 (RLIN) |
239845 |
| Título uniforme |
Palabras hilanderas ; |
| Designación de volumen o secuencia |
[5] |
| 852 ## - LOCALIZACIÓN |
| Ubicación |
ES-MaACL |
| Sublocalización o colección |
R.154492 |
| Ubicación en estantería |
Depósito J |
| Número de control de estantería |
N-9299 |
| Anotaciones manuscritas |
Dedicatoria autógrafa del autor |
| Donativo/Legado |
Donación: José Manuel Lucía Megías |
| Encuadernación |
Encuadernación rústica con solapas |
| itemnumber |
205361 |
| 903 ## - NOMBRE PERSONAL DE DONANTE |
| a |
Lucía Megías, José Manuel, |
| e |
Donante |
| 942 ## - ELEMENTOS DE ENTRADA SECUNDARIOS (KOHA) |
| Tipo de ítem Koha |
Libro impreso |
| Suprimir en OPAC |
No |